000 00443nam a2200193Ia 4500
003 OSt
005 20260128115535.0
008 250729s2007 xx 000 0 und d
040 _cAL
041 _aeng
082 _a500 IYEQ
100 _aIyer Vijayalakshmi
_9228043
245 _aQuiz on science
260 _aNew Delhi
_c2007
300 _a166p
650 _aScience
_9228044
700 _aIyo Digumurthi
_9228045
942 _2ddc
_cBED
999 _c237862
_d237862